| 000 | 00619nam a22001697a 4500 | ||
|---|---|---|---|
| 999 |
_c12458 _d12458 |
||
| 008 | 190125b ||||| |||| 00| 0 eng d | ||
| 082 |
_22018 _aUT 1163 _bT16 |
||
| 100 |
_aTan, Ivanne Marie A. _935117 |
||
| 245 |
_aParenting styles and learner's academic achievement / _cIvanne Marie A. Tan, Jerico S. Polancos, and Rodine I. Cañete |
||
| 260 |
_aDigos City: _bUMDC _cOctober 2018. |
||
| 300 |
_a49 pages; _c30 cm. |
||
| 650 |
_aEducation _vBeed _xUndergraduate thesis. _934786 |
||
| 700 |
_aTan, Ivanne Marie A. _935117 |
||
| 700 |
_aPolancos, Jerico S. _935118 |
||
| 700 |
_aCañete, Rodine I. _935119 |
||
| 942 |
_2ddc _cUT |
||